000 01197cam a22004454i 4500
003 PE-LiUPU
005 20250731173543.0
008 150616s r 000 0 d
035 _a(Sirsi) a9142
040 _aPE-LiUPU
_bspa
_cPE-LiUPU
_erda
049 _aPRUA
082 0 4 _a291.042
_bG957p
_223
100 1 _aGuillaume, Alfred,
_eautor.
245 1 0 _aProphétie et Divination /
_cAlfred Guillaume.
264 1 _aParis :
_bPayot,
_c1941.
300 _a503 páginas ;
_c23 centímetros.
336 _atext
_2rdacontent
337 _aunmediated
_2rdamedia
338 _avolume
_2rdacarrier
505 0 _aLas religiones antiguas.- Religiones babilónicas.
526 _aSEG42
526 _aSEG41
526 _aSEG40
526 _aSEG39
526 _aP94
526 _aP87
526 _aP86
526 _aP85
526 _aP77
526 _aP76
526 _aP35
650 1 4 _aSemitas
_xReligión.
_94348
650 1 0 _aJudaísmo
_xRelaciones.
_94349
650 1 0 _aProfecías.
_93133
650 1 0 _aAdivinación
_94350
910 _ajck
942 _2ddc
_cBK
980 _81
_gALBERTO SANCHEZ Responsable de Automatización
999 _c60564
_d60564